Memorias del Curso en Ecología y Conservación de la Biodiversidad Neotropical, Santuario de Fauna y Flora Otún Quimbaya (Risaralda) Colombia, (Registro nro. 8166)

Detalles MARC
000 -CABECERA
Campo de control 01706nam a2200301 a 4500
005 - FECHA Y HORA DE LA ULTIMA TRANSACCION
Campo de control 20200104041623.0
008 - ELEMENTOS DE LONGITUD FIJA—INFORMACION GENERAL
Campo de control 130419s2011 ck a gr 00010dspa d
015 ## - NATIONAL BIBLIOGRAPHY NUMBER
National bibliography number ck-2011-xxxx
020 ## - ISBN
ISBN 9789587164978
040 ## - FUENTE DE CATALOGACIÓN
Agencia catalogadora original CO-BoIAVH
Agencia transcriptora CO-BoIAVH
041 0# - IDIOMA
Código de idioma para texto/pista de sonido o título separado Español
043 ## - GEOGRAPHIC AREA CODE
Geographic area code s-ck---
082 04 - NUMERO DE CLASIFICACION DECIMAL DEWEY
Número de clasificación 577
Número del ítem C87m
111 1# - ASIENTO PRINCIPAL--NOMBRE DE REUNION
Nombre de reunión o de jurisdicción como elemento de entrada Curso en Ecología y Conservación de la Biodiversidad Neotropical, Santuario de Fauna y Flora Otún Quimbaya (Risaralda) Colombia,
Lugar de la reunión Quimbaya, Quindío
Fecha de la reunión 10-24 de junio de 2011
245 10 - MENCION DE TITULO
Título Memorias del Curso en Ecología y Conservación de la Biodiversidad Neotropical, Santuario de Fauna y Flora Otún Quimbaya (Risaralda) Colombia,
Mención de responsabilidad editado por Juan Davie Amaya-Espinel ...[et al]
260 ## - PUBLICACION, DISTRIBUCION, ETC. (PIE DE IMPRENTA)
Lugar de publicación, distribución, etc. Bogotá
Nombre del editor, distribuidor, etc. Fundación Maconde
-- Pontificia Universidad Javeriana
Fecha de publicación, distribución, etc. 2011
300 ## - DESCRIPCION FISICA
Extensión 163 p. :
Otros detalles físicos il. ;
Dimensiones 24 cm.
504 ## - NOTA DE BIBLIOGRAFIA, ETC.
Nota de bibliografía Incluye bibliografía.
650 ## - ASIENTO SECUNDARIO DE MATERIA - TERMINO TEMATICO
Término temático o nombre geográfico como elemento de entrada Ecología
Subdivisión geográfica Santuario de Fauna y Flora Otún Quimbaya (Risaralda, Colombia)
Subdivisión de forma Congresos, conferencias, etc.
650 ## - ASIENTO SECUNDARIO DE MATERIA - TERMINO TEMATICO
Término temático o nombre geográfico como elemento de entrada Diversidad biológica
Subdivisión geográfica Santuario de Fauna y Flora Otún Quimbaya (Risaralda, Colombia)
Subdivisión de forma Congresos, conferencias, etc.
650 ## - ASIENTO SECUNDARIO DE MATERIA - TERMINO TEMATICO
Término temático o nombre geográfico como elemento de entrada Hormigas
Subdivisión general Hábitos y conducta
Subdivisión geográfica Santuario de Fauna y Flora Otún Quimbaya (Risaralda, Colombia)
Subdivisión de forma Congresos, conferencias, etc.
650 #4 - ASIENTO SECUNDARIO DE MATERIA - TERMINO TEMATICO
Término temático o nombre geográfico como elemento de entrada Conservación de los recursos naturales
Subdivisión geográfica Santuario de Fauna y Flora Otún Quimbaya (Risaralda, Colombia)
Subdivisión de forma Congresos, conferencias, etc.
700 1# - ASIENTO SECUNDARIO - NOMBRE PERSONAL
Nombre personal Amaya-Espinel, Juan David
Término de relación ed
700 1# - ASIENTO SECUNDARIO - NOMBRE PERSONAL
Nombre personal Bedoya-Montalvo, Juan José
Término de relación ed
700 1# - ASIENTO SECUNDARIO - NOMBRE PERSONAL
Nombre personal Cruz- Godoy, Juan Camilo De la
Fechas asociadas con el nombre ed
700 1# - ASIENTO SECUNDARIO - NOMBRE PERSONAL
Nombre personal Urbina-Cardona, José Nicolás
942 ## - ELEMENTOS ADICIONALES (KOHA)
Sistema de clasificación Dewey Decimal Classification
Tipo de ítem Impreso
Koha issues (borrowed), all copies 1
Existencias
Withdrawn status Lost status Sistema de Clasificación Damaged status No para préstamo Colección Inventariado Ubicación Permanente Ubicación actual Fecha de adquisición Fuente de Valor Valor Total Checkouts Número topográfico Inventario / Código de Barras Date last seen Date checked out Ejemplar Price effective from Forma de adquisición Tipo de material
    Dewey Decimal Classification     General Inventariado 2017 Bogotá Bogotá 27/02/2014 Instituto 39000.00 1 LB-577 C87m 034341 21/11/2014 21/11/2014 Ej. 1 27/02/2014 Canje Libro
    Dewey Decimal Classification     General Inventariado 2017 Bogotá Bogotá 19/06/2015 Instituto 39000.00   LB-577 C87m 039027 01/07/2015   Ej. 3 19/06/2015   Libro
    Dewey Decimal Classification     General Inventariado 2017 Sala Fabio Quevedo Sala Fabio Quevedo 25/07/2014 Instituto 39000.00   LB-577 C87m 038200 25/07/2014   Ej. 2 25/07/2014 Institucional Libro